Tintin : couverture des albums (mort subite) - Statistiques

Statistiques générales
  • Ce quiz a été pris 249 fois
  • Le résultat moyen est 8 sur 24
Answers on the Grid
Answers color-coded by a green-red scale on the quiz's grid according to % correct below.
Milou
Château
Bouteille de rhum
Lanterne
Canot
Autobus
Girafe
Carreidas
Caraco
Lion
Zorino
Dromadaire
Poteau
Cigares
Fusée
Szut
Professeur Bergamotte
Jeep
Pyramide
Scaphandre
Requins
Poissons
Champignon
Tintin
Tharkey
Tank
Wagner
Professeur Baxter
 
Statistiques - réponses
Réponse % Correct
Milou
89%
Fusée
63%
Tintin
57%
Jeep
55%
Château
51%
Dromadaire
45%
Cigares
42%
Champignon
37%
Girafe
34%
Bouteille de rhum
33%
Canot
33%
Szut
33%
Scaphandre
32%
Pyramide
26%
Lanterne
20%
Poissons
20%
Professeur Bergamotte
20%
Zorino
19%
Carreidas
16%
Tank
15%
Tharkey
13%
Poteau
11%
Caraco
8%
Wagner
8%
Aucun quiz correspondant
Distribution des résultats
% des personnes avec chaque résultat
Percentile par nombre de réponses
Votre historique - résultats
Vous n’avez pas pris ce quiz